Statistics for Universities in the United States Named After People

Click here to take the quiz!

General Stats

  • This quiz has been taken 39 times
  • The average score is 29 of 84

Answer Stats

State University % Correct
MassachusettsHarvard
72%
North CarolinaDuke
67%
ConnecticutYale
67%
Rhode IslandBrown
67%
New HampshireDartmouth
67%
Washington, DCGeorge Washington
61%
VirginiaWilliam and Mary
61%
IndianaPurdue
56%
TennesseeVanderbilt
56%
UtahBrigham Young
56%
South CarolinaClemson
56%
TexasSam Houston State
50%
CaliforniaStanford
50%
Maryland*Johns Hopkins
50%
New JerseyRutgers
44%
New YorkCornell
44%
CaliforniaLoyola Marymount
44%
OklahomaOral Roberts
44%
WisconsinMarquette
44%
MarylandLoyola Maryland
44%
LouisianaTulane
44%
IllinoisLoyola Chicago
44%
CaliforniaPepperdine
44%
WashingtonGonzaga
44%
OhioXavier
44%
TexasBaylor
39%
West VirginiaMarshall
39%
VirginiaJames Madison
39%
VirginiaGeorge Mason
39%
Pennsylvania*Carnegie Mellon
39%
New YorkSaint John's
39%
CaliforniaSaint Mary's
39%
IowaDrake
39%
PennsylvaniaLafayette
39%
PennsylvaniaSaint Joseph's
39%
Washington DCHoward
39%
IndianaButler
39%
New JerseySaint Peter's
33%
Georgia*Emory
33%
TexasStephen F. Austin
33%
TexasRice
33%
NebraskaCreighton
33%
PennsylvaniaLa Salle
28%
South CarolinaWinthrop
28%
South CarolinaWofford
28%
PennsylvaniaDrexel
28%
PennsylvaniaVillanova
28%
AlabamaSamford
28%
New JerseyFairleigh Dickinson
28%
New JerseySeton Hall
28%
North CarolinaDavidson
28%
FloridaBethune-Cookman
28%
IllinoisBradley
28%
LouisianaGrambling State
28%
MarylandMorgan State
28%
FloridaStetson
22%
IllinoisDePaul
22%
LouisianaMcNeese State
22%
MarylandCoppin State
22%
TennesseeLipscomb
22%
New YorkSaint Francis
22%
PennsylvaniaRobert Morris
22%
New YorkCanisius
22%
New YorkWagner
22%
New YorkColgate
22%
New YorkSaint Bonaventure
22%
New YorkMarist
22%
North CarolinaCampbell
17%
PennsylvaniaBucknell
17%
GeorgiaMercer
17%
New YorkSiena
17%
IndianaBall State
17%
Rhode IslandBryant
17%
LouisianaNicholls State
17%
TexasLamar
17%
MississippiAlcorn State
17%
TennesseeAustin Peay
17%
OhioWright State
17%
New JerseyRider
17%
South CarolinaFurman
17%
North CarolinaGardner-Webb
17%
New YorkHofstra
11%
MarylandMount Saint Mary's
11%

Score Distribution

Percentile by Number Answered

Percent of People with Each Score

Your Score History

You have not taken this quiz